Pracovný zošit zo slovenského jazyka pre 7. ročník základných škôl s vyučovacím jazykom maďarským. /

Uložené v:
Podrobná bibliografia
Hlavný autor: Nagy, Adorján (Author)
Médium: Kniha
Jazyk:Slovak
Vydané: Bratislava : Slovenské pedagogické nakladateľstvo, 2003
Vydanie:1. vyd.
Témy:
ISBN: 8010001430 (brož.)
Fyzický popis: 47 s.
Tagy: Pridať tag
Žiadne tagy, Buďte prvý kto otaguje tento záznam!

MARC

LEADER 00000nam a2200000 a 4500
001 000079821
003 SVKK
005 20031128000000.0
008 031008s2003 bl e sloo
020 |a 8010001430 (brož.) 
040 |a SVKKK  |b slo  |c SVKKK  |e AACR2 
041 0 |a slo 
044 |a bl  |c BR 
080 |a 811.162.4(075.2)(076)  |2 1997 
100 1 |a Nagy, Adorján  |4 aut 
245 1 0 |a Pracovný zošit zo slovenského jazyka pre 7. ročník základných škôl s vyučovacím jazykom maďarským. /  |c Adorján Nagy 
250 |a 1. vyd. 
260 |a Bratislava :  |b Slovenské pedagogické nakladateľstvo,  |c 2003 
300 |a 47 s. 
653 0 |a jazyk slovenský  |2 SVKKKPH 
653 0 |a učebnice základných škôl  |2 SVKKKPH 
653 0 |a zošity pracovné  |2 SVKKKPH 
655 7 |a pracovné zošity  |2 SVKKKPH 
910 |a svkkk 
919 |a 80-10-00143-0 
974 |a UH  |d 20031106 
974 |a KL  |d 20031024 
974 |a TI  |d 20031128 
998 |a BK 
090 |g SCKHL  |k Sklad Hlavná 10 prízemie  |a V.210159  |j 955795  |i 2720020079  |s Absenčne